000
00246nam a2200097Ia 4500
001
683636
005
20250826161442.0
008
250824s9999 xx 000 0 und d
245
0
_a
SAFAHAT ÖYKÜLERİ
_c
MÜNİRE DANİŞ
260
_b
TİMAŞ YAYINLARI
999
_c
683636
_d
683636